Brazil Copa América Squad - Statistics

General Stats
  • This quiz has been taken 100 times
  • The average score is 15 of 27
Answer Stats
# Position Player Name % Correct
7 FW Vinícius Júnior
94%
1 GK Alisson Becker
92%
10 FW Rodrygo Goes
89%
24 MF Éderson
86%
4 DF Marquinhos
86%
3 DF Éder Militão
81%
8 MF Lucas Paquetá
80%
2 DF Danilo
77%
9 FW Endrick
70%
22 FW Gabriel Martinelli
69%
11 FW Raphinha
66%
14 DF Gabriel Magalhães
65%
5 MF Bruno Guimarães
64%
25 DF Bremer
58%
18 MF Douglas Luiz
53%
12 GK Bento
42%
20 FW Sávio
42%
- Coach Dorival Júnior
37%
15 MF João Gomes
34%
6 DF Wendell
34%
17 DF Lucas Beraldo
31%
13 DF Yan Couto
30%
19 MF Andreas Pereira
29%
16 DF Guilherme Arana
25%
21 FW Evanilson
19%
26 FW Pepê
18%
23 GK Rafael
18%
No matching quizzes found
Score Distribution
Percent of People with Each Score
Percentile by Number Answered
Your Score History
You have not taken this quiz